[Event "World Blitz 2025"]
[Site "Doha QAT"]
[Date "2025.12.29"]
[Round "2.116"]
[White "Dinham, James"]
[Black "Droin, Augustin"]
[Result "1-0"]
[BlackTitle "IM"]
[WhiteElo "2091"]
[BlackElo "2480"]
[WhiteFideId "14327023"]
[BlackFideId "45105987"]
[EventDate "2025.12.29"]

1. e4 c5 2. Nf3 d6 3. d4 cxd4 4. Nxd4 Nf6 5. Nc3 Bd7 6. h3 Nc6 7. Be3 Rc8 8. Qd2
a6 9. Be2 Nxd4 10. Bxd4 e5 11. Be3 Bc6 12. f3 Be7 13. O-O-O b5 14. Kb1 Qa5 15.
Nd5 Qxd2 16. Nxf6+ gxf6 17. Rxd2 h5 18. Rhd1 h4 19. c4 bxc4 20. Rc1 Bb5 21. Rdc2
Rg8 22. Bf1 f5 23. b3 fxe4 24. fxe4 Kd7 25. Be2 cxb3 26. Rxc8 bxa2+ 27. Ka1 Rxg2
28. Bg4+ Rxg4 29. hxg4 Ke6 30. Kxa2 Be2 31. g5 Bd3 32. Re8 Bb5 33. Rh8 d5 34.
Rh6+ Kd7 35. exd5 Be2 36. d6 Bxd6 37. Rc2 Bd3 38. Rc1 e4 39. Rxh4 a5 40. Rh7 Ke6
41. Rh6+ Kd7 42. Rd1 a4 43. Bd4 Bf4 44. Rf6 Bxg5 45. Rxf7+ Ke6 46. Rf8 Bc4+ 47.
Kb2 Bb3 48. Re1 Bd5 49. Re8+ Kd7 50. Re5 a3+ 51. Ka1 1-0

[Event "World Blitz 2025"]
[Site "Doha QAT"]
[Date "2025.12.29"]
[Round "2.117"]
[White "Samadov, Read"]
[Black "Alhassadi, Yousef A."]
[Result "1-0"]
[WhiteTitle "IM"]
[BlackTitle "FM"]
[WhiteElo "2510"]
[BlackElo "2098"]
[WhiteFideId "13417444"]
[BlackFideId "9204725"]
[EventDate "2025.12.29"]

1. d4 Nf6 2. c4 e6 3. Nf3 d5 4. Nc3 Bb4 5. Bg5 h6 6. Bxf6 Qxf6 7. e3 O-O 8. Rc1
dxc4 9. Bxc4 c5 10. O-O cxd4 11. Ne4 Qe7 12. a3 Ba5 13. exd4 Rd8 14. Rc2 Bd7 15.
Re2 Bc6 16. Qc2 Nd7 17. d5 Bxd5 18. Bxd5 Rac8 19. Qa4 exd5 20. Ng3 Qc5 21. b4
Qc4 22. Qxa5 1-0

[Event "World Blitz 2025"]
[Site "Doha QAT"]
[Date "2025.12.29"]
[Round "2.118"]
[White "Khayat, Emad"]
[Black "Raja, Harshit"]
[Result "0-1"]
[BlackTitle "GM"]
[WhiteElo "1927"]
[BlackElo "2472"]
[WhiteFideId "21518076"]
[BlackFideId "5089000"]
[EventDate "2025.12.29"]

1. d4 Nf6 2. Nf3 d5 3. c4 e6 4. g3 Be7 5. Bg2 O-O 6. O-O dxc4 7. Qc2 b6 8. Nbd2
Bb7 9. Rd1 Nbd7 10. Nxc4 Be4 11. Qa4 Qb8 12. Nce5 b5 13. Qa5 Qb7 14. Nxd7 Nxd7
15. Bf4 Bd6 16. Bxd6 cxd6 17. Rac1 Rfc8 18. Ne1 Nf6 19. Nd3 Bxg2 20. f3 Bh3 21.
Nf4 Bf5 22. h4 h5 23. Kf2 Qb6 24. Qd2 e5 25. Rxc8+ Rxc8 26. Ng2 Rc2 27. Qg5 exd4
28. Qxf5 d3+ 0-1

[Event "World Blitz 2025"]
[Site "Doha QAT"]
[Date "2025.12.29"]
[Round "2.119"]
[White "Sankalp, Gupta"]
[Black "Dahal, Sushrut"]
[Result "1-0"]
[WhiteTitle "GM"]
[BlackTitle "CM"]
[WhiteElo "2557"]
[BlackElo "2037"]
[WhiteFideId "5097010"]
[BlackFideId "12303275"]
[EventDate "2025.12.29"]

1. Nf3 d5 2. e3 Nd7 3. c4 e6 4. Nc3 Ngf6 5. b3 Be7 6. Bb2 O-O 7. Qc2 a6 8. Be2
c5 9. g4 dxc4 10. bxc4 Nxg4 11. Rg1 Nde5 12. Ne4 f6 13. Nxe5 Nxe5 14. h4 Bd7 15.
f4 Nc6 16. h5 Nb4 17. Qc3 Bc6 18. Nf2 a5 19. a3 Na6 20. O-O-O Nc7 21. Rg3 Kh8
22. Rdg1 Rf7 23. Bd3 b5 24. Bb1 b4 25. Qc2 f5 1-0

[Event "World Blitz 2025"]
[Site "Doha QAT"]
[Date "2025.12.29"]
[Round "2.120"]
[White "Morris, James"]
[Black "Alkhuriji, Abdulaziz N"]
[Result "1-0"]
[WhiteTitle "IM"]
[WhiteElo "2422"]
[BlackElo "1972"]
[WhiteFideId "3205800"]
[BlackFideId "21525919"]
[EventDate "2025.12.29"]

1. e4 e5 2. Nf3 Nc6 3. d3 Nf6 4. g3 Bc5 5. Bg2 O-O 6. O-O d6 7. h3 a5 8. Kh2 Re8
9. c4 Ne7 10. Nh4 Ng6 11. Nf5 c6 12. Nc3 Be6 13. Qf3 Qd7 14. Bg5 Bxf5 15. exf5
Nf8 16. Bxf6 gxf6 17. Qh5 Bd4 18. Rae1 Bxc3 19. bxc3 d5 20. cxd5 cxd5 21. c4 e4
22. dxe4 dxe4 23. Bxe4 Re5 24. Bd5 Rxf5 25. Qg4+ Rg5 26. Qxd7 Nxd7 27. Re7 Ne5
28. f4 Rh5 29. fxe5 Rxe5 30. Rxe5 fxe5 31. Rxf7 Kh8 32. Re7 1-0

[Event "World Blitz 2025"]
[Site "Doha QAT"]
[Date "2025.12.29"]
[Round "2.121"]
[White "Alsaqer, Meshal"]
[Black "Balakrishnan, Praveen"]
[Result "0-1"]
[BlackTitle "GM"]
[WhiteElo "1853"]
[BlackElo "2507"]
[WhiteFideId "10301771"]
[BlackFideId "2064871"]
[EventDate "2025.12.29"]

1. d4 Nf6 2. Nf3 d5 3. c4 e6 4. Nbd2 Be7 5. Qc2 O-O 6. g3 dxc4 7. Nxc4 b6 8. Bg2
Bb7 9. O-O c5 10. Rd1 cxd4 11. Nxd4 Qc8 12. Bxb7 Qxb7 13. b3 Rc8 14. Qd3 Nbd7
15. Bb2 Nc5 16. Qf3 Qxf3 17. Nxf3 Nce4 18. Rac1 Nd5 19. Nce5 Ndc3 20. Bxc3 Nxc3
21. Rxc3 Rxc3 22. Rd7 Kf8 23. e3 Ke8 24. Rb7 Rcc8 25. Nd4 Rcb8 26. Rxb8+ Rxb8
27. Nec6 Rb7 28. Nb5 a6 29. Nbd4 Rc7 30. Kf1 Bc5 31. Ke2 Bxd4 32. Nxd4 e5 33.
Nf5 Rc2+ 34. Kf3 Rxa2 35. Nxg7+ Kd7 36. h4 Rb2 37. Nh5 Ke7 38. g4 Rxb3 39. Ng3
a5 40. Nf5+ Kd7 41. Ke4 a4 42. Kxe5 a3 43. Nd4 Rb2 0-1

[Event "World Blitz 2025"]
[Site "Doha QAT"]
[Date "2025.12.29"]
[Round "2.122"]
[White "Iniyan, Pa"]
[Black "Blackwood, Ryan"]
[Result "1-0"]
[WhiteTitle "GM"]
[WhiteElo "2598"]
[BlackElo "1945"]
[WhiteFideId "25002767"]
[BlackFideId "7400640"]
[EventDate "2025.12.29"]

1. d4 Nf6 2. Nf3 g6 3. g3 Bg7 4. Bg2 d6 5. O-O O-O 6. b3 c6 7. Bb2 Bf5 8. Nbd2
Na6 9. Nh4 Bd7 10. e4 Qc8 11. e5 Ne8 12. Re1 Bg4 13. Qc1 Bh3 14. Bf3 Bg4 15. Bh1
d5 16. c4 e6 17. Bg2 Bf5 18. h3 1-0

[Event "World Blitz 2025"]
[Site "Doha QAT"]
[Date "2025.12.29"]
[Round "2.123"]
[White "Al-Janahi, Ibrahim"]
[Black "Gan-Erdene, Sugar"]
[Result "0-1"]
[BlackTitle "IM"]
[WhiteElo "1656"]
[BlackElo "2444"]
[WhiteFideId "12102385"]
[BlackFideId "4902980"]
[EventDate "2025.12.29"]

1. d4 Nf6 2. c4 g6 3. Nc3 Bg7 4. e4 d6 5. Nf3 O-O 6. Be2 Na6 7. Be3 e5 8. Qd2
Ng4 9. Bg5 f6 10. Bh4 c6 11. O-O Nh6 12. d5 c5 13. a3 Nf7 14. Rab1 h5 15. h3 b6
16. b4 Bd7 17. b5 Nc7 18. a4 a5 19. Ne1 Bh6 20. Qd1 Ne8 21. Nc2 Ng7 22. Ne3 Qe7
23. Rb2 Ng5 24. Bxg5 Bxg5 25. g4 hxg4 26. Bxg4 f5 27. exf5 gxf5 28. Be2 e4 29.
Nb1 f4 30. Ng4 f3 31. Bd3 exd3 32. Qxd3 Bxg4 33. hxg4 Qd7 34. Qe4 Rae8 35. Qg6
Qxg4+ 36. Kh2 Qg2# 0-1

[Event "World Blitz 2025"]
[Site "Doha QAT"]
[Date "2025.12.29"]
[Round "2.125"]
[White "Al-Mansouri, Fahad"]
[Black "Chanda, Sandipan"]
[Result "0-1"]
[BlackTitle "GM"]
[WhiteElo "1607"]
[BlackElo "2490"]
[WhiteFideId "12102407"]
[BlackFideId "5004225"]
[EventDate "2025.12.29"]

1. e4 e6 2. Nf3 d5 3. e5 c5 4. b4 cxb4 5. d4 Ne7 6. Bd3 Nbc6 7. a3 Nf5 8. Bb2
Be7 9. O-O O-O 10. g4 Nh6 11. h3 f6 12. Bc1 Nf7 13. Re1 fxe5 14. Nxe5 Nfxe5 15.
dxe5 Bh4 16. Be3 d4 17. Bd2 Bxf2+ 18. Kh2 Qh4 19. Rf1 Qg3+ 20. Kh1 Qxh3# 0-1

[Event "World Blitz 2025"]
[Site "Doha QAT"]
[Date "2025.12.29"]
[Round "2.126"]
[White "Klukin, Kirill"]
[Black "Ahmad, Saif"]
[Result "1-0"]
[WhiteTitle "IM"]
[WhiteElo "2414"]
[BlackElo "1567"]
[WhiteFideId "24199273"]
[BlackFideId "12102709"]
[EventDate "2025.12.29"]

1. d4 d5 2. c4 e6 3. Nc3 Nf6 4. cxd5 exd5 5. Bg5 c6 6. e3 Be7 7. Bd3 O-O 8. Qc2
h6 9. Bh4 Re8 10. Nf3 Ne4 11. Bxe7 Qxe7 12. O-O Nd7 13. Rae1 Nf8 14. Ne5 Nd7 15.
Nf3 Nf8 16. Nd2 Nd6 17. f3 Ne6 18. Nb3 b5 19. Qf2 a5 20. e4 dxe4 21. fxe4 b4 22.
Na4 Ba6 23. Bxa6 Rxa6 24. d5 Ng5 25. e5 Nc4 26. d6 Qa7 27. Nbc5 Nb6 28. Nxa6 1-0

[Event "World Blitz 2025"]
[Site "Doha QAT"]
[Date "2025.12.29"]
[Round "3.1"]
[White "Dardha, Daniel"]
[Black "Carlsen, Magnus"]
[Result "0-1"]
[WhiteTitle "GM"]
[BlackTitle "GM"]
[WhiteElo "2603"]
[BlackElo "2840"]
[WhiteFideId "240990"]
[BlackFideId "1503014"]
[EventDate "2025.12.29"]

1. e4 c5 2. Nc3 Nc6 3. Bb5 Nd4 4. a4 a6 5. Bd3 e6 6. Nf3 Nc6 7. O-O d6 8. Re1
Be7 9. Bf1 Bf6 10. Ne2 Nge7 11. Ng3 h5 12. c3 h4 13. Ne2 h3 14. d4 hxg2 15. Bxg2
cxd4 16. cxd4 Ng6 17. Be3 e5 18. Nc3 Bg4 19. d5 Nd4 20. Bxd4 exd4 21. e5 Nxe5
22. Nxe5 Bxd1 23. Nc6+ Kf8 24. Nxd8 dxc3 25. Raxd1 Rxd8 26. bxc3 Bxc3 27. Re4 b5
28. Bf1 Be5 29. axb5 axb5 30. h3 Bc3 31. Bxb5 Rxh3 32. Kg2 Rh5 33. Bc6 g6 34.
Rh1 Rxh1 35. Kxh1 Rb8 36. Re2 Bd4 37. Kg2 Kg7 38. Rd2 Rb4 39. Ra2 Bc5 40. Kf3 g5
41. Re2 Kg6 42. Kg3 Rb3+ 43. f3 Bd4 44. Ra2 f5 45. Kg2 g4 46. fxg4 fxg4 47. Ra4
Rd3 48. Bb5 Rd2+ 49. Kg3 Kg5 50. Be2 Rxe2 51. Rxd4 Re3+ 52. Kf2 Rf3+ 53. Kg2 Kf5
54. Rd1 Ke4 55. Rd2 Rd3 56. Ra2 Kxd5 57. Ra4 g3 58. Rh4 Kc5 59. Rg4 d5 60. Rh4
Re3 0-1

[Event "World Blitz 2025"]
[Site "Doha QAT"]
[Date "2025.12.29"]
[Round "3.2"]
[White "Firouzja, Alireza"]
[Black "Ibarra Jerez, Jose Carlos"]
[Result "1-0"]
[WhiteTitle "GM"]
[BlackTitle "GM"]
[WhiteElo "2762"]
[BlackElo "2532"]
[WhiteFideId "12573981"]
[BlackFideId "2226332"]
[EventDate "2025.12.29"]

1. e4 c5 2. Nf3 Nc6 3. Bb5 e6 4. Bxc6 bxc6 5. d3 Qc7 6. O-O Ne7 7. c3 Ng6 8. d4
d5 9. Re1 Be7 10. h4 h5 11. dxc5 Bxc5 12. Be3 Be7 13. Nbd2 Nxh4 14. Nxh4 Bxh4
15. exd5 Be7 16. c4 h4 17. Ne4 cxd5 18. cxd5 exd5 19. Rc1 Qd8 20. Nd6+ Kf8 21.
Nxc8 Rxc8 22. Rxc8 Qxc8 23. Qxd5 h3 24. Rc1 Qe8 25. Qb7 Bd8 26. Rc8 h2+ 27. Kh1
Rh5 28. Qa8 Ke7 29. Qe4+ Kf8 30. Bc5+ 1-0

[Event "World Blitz 2025"]
[Site "Doha QAT"]
[Date "2025.12.29"]
[Round "3.3"]
[White "Grandelius, Nils"]
[Black "Nepomniachtchi, Ian"]
[Result "0-1"]
[WhiteTitle "GM"]
[BlackTitle "GM"]
[WhiteElo "2664"]
[BlackElo "2723"]
[WhiteFideId "1710400"]
[BlackFideId "4168119"]
[EventDate "2025.12.29"]

1. d4 Nf6 2. c4 e6 3. Nc3 Bb4 4. Qc2 c5 5. dxc5 O-O 6. a3 Bxc5 7. Bf4 e5 8. Bg3
Nc6 9. e3 d6 10. Bd3 h6 11. Nge2 Be6 12. O-O Rc8 13. Rfd1 a6 14. Rd2 Qe7 15.
Rad1 Rfd8 16. Nd5 Bxd5 17. cxd5 Nb8 18. Qb3 Nh5 19. Rc2 Rc7 20. Nc3 Nxg3 21.
hxg3 Nd7 22. Rdc1 g6 23. Qa2 Rdc8 24. Bf1 Kg7 25. b4 Ba7 26. Ne4 Nb6 27. g4 Nxd5
28. Rxc7 Nxc7 29. Rd1 d5 30. Nc3 d4 31. exd4 Bxd4 32. Ne4 Ne6 33. g3 Ng5 34.
Nxg5 Qxg5 35. Qe2 Rc3 36. Rd3 Rxd3 37. Qxd3 Qxg4 38. Bg2 Qd7 39. Kf1 Qc7 40. Bf3
b5 41. Bd5 h5 42. Kg2 Qd7 43. Bb3 f5 44. Qc2 Qb7+ 45. Kg1 Qf3 46. Qc7+ Kh6 47.
Qc1+ f4 0-1

[Event "World Blitz 2025"]
[Site "Doha QAT"]
[Date "2025.12.29"]
[Round "3.4"]
[White "Dubov, Daniil"]
[Black "Muradli, Mahammad"]
[Result "1/2-1/2"]
[WhiteTitle "GM"]
[BlackTitle "GM"]
[WhiteElo "2672"]
[BlackElo "2581"]
[WhiteFideId "24126055"]
[BlackFideId "13409301"]
[EventDate "2025.12.29"]

1. d4 d5 2. c4 e6 3. Nf3 Nf6 4. g3 Bb4+ 5. Nbd2 dxc4 6. Bg2 b5 7. Ne5 Nd5 8. O-O
O-O 9. Qc2 Bb7 10. b3 c5 11. bxc4 bxc4 12. dxc5 Bxc5 13. Rb1 Nb4 14. Qxc4 Bxg2
15. Kxg2 Qd5+ 16. Qxd5 Nxd5 17. Ne4 Be7 18. Rb7 f6 19. Nd3 Nc6 20. Nf4 Rfb8 21.
Rxb8+ Rxb8 22. Nxe6 Rb4 23. f3 Kf7 24. Nf4 Nxf4+ 25. gxf4 Ra4 26. Nc3 Rc4 27.
Bd2 Bb4 28. Rc1 f5 29. Kf1 Ke6 30. Ke1 g6 31. Kd1 Bxc3 32. Rxc3 Rxc3 33. Bxc3
Kd5 34. Kc2 Kc4 35. e4 Ne7 36. Kd2 Nc8 37. Be5 Ne7 38. Ke3 a5 39. a4 Nc6 40. Bc7
Kb3 41. Kd3 Kb4 42. e5 Kc5 43. e6 Kd5 44. Bxa5 Kxe6 45. Bc3 Kd5 46. Bd2 Nd4 47.
Ke3 Nc2+ 48. Kd3 Nd4 49. Ke3 Kc4 50. a5 Nc6 51. a6 Kb5 52. Kd3 Kxa6 53. Kc4 Kb7
54. Kd5 Kc7 55. Bc3 Kd7 56. h3 Nd8 57. Ke5 Ke7 58. Kd5 Ne6 59. Be5 Nd8 60. Bd6+
Kf7 61. Bc7 Ne6 62. Be5 Nf8 63. Bd6 Nd7 64. Be5 Nf8 65. Bd6 Ne6 66. Be5 g5 67.
fxg5 Nxg5 68. Bc3 Nxh3 69. Ke5 Kg6 70. Be1 h5 71. Bh4 Ng5 72. Kf4 Ne6+ 73. Kg3
f4+ 74. Kg2 Kf5 75. Be7 Ke5 76. Kh3 Nd4 77. Kg2 Nf5 78. Bg5 Ne3+ 79. Kh3 Kf5 80.
Bxf4 Kxf4 81. Kh4 1/2-1/2

[Event "World Blitz 2025"]
[Site "Doha QAT"]
[Date "2025.12.29"]
[Round "3.5"]
[White "Erigaisi, Arjun"]
[Black "Tabatabaei, M. Amin"]
[Result "1-0"]
[WhiteTitle "GM"]
[BlackTitle "GM"]
[WhiteElo "2775"]
[BlackElo "2700"]
[WhiteFideId "35009192"]
[BlackFideId "12521213"]
[EventDate "2025.12.29"]

1. d4 d5 2. c4 e6 3. Nc3 Nf6 4. Nf3 dxc4 5. e4 b5 6. e5 Nd5 7. Nxb5 Nb6 8. Be3
Nc6 9. Be2 Bb7 10. O-O Be7 11. a3 O-O 12. Qc2 Qd7 13. Nc3 Na5 14. Rad1 h6 15.
Nd2 Rab8 16. Nde4 Bxe4 17. Qxe4 Nd5 18. Qc2 Nxe3 19. fxe3 Bg5 20. Rf3 Qc6 21.
Ne4 Be7 22. Rg3 Kh8 23. Rf1 Qb7 24. Bh5 Qxb2 25. Qd1 g6 26. Qg4 Rg8 27. Qf4 Rg7
28. Nf6 g5 29. Qe4 c3 30. Bd1 Bxf6 31. exf6 Rg6 32. h4 Rbg8 33. h5 Nc4 34. hxg6
Rxg6 35. Rh3 Nd6 36. Qa8+ Kh7 37. Qf8 1-0

[Event "World Blitz 2025"]
[Site "Doha QAT"]
[Date "2025.12.29"]
[Round "3.6"]
[White "Theodorou, Nikolas"]
[Black "Bortnyk, Olexandr"]
[Result "0-1"]
[WhiteTitle "GM"]
[BlackTitle "GM"]
[WhiteElo "2652"]
[BlackElo "2601"]
[WhiteFideId "4262875"]
[BlackFideId "14120828"]
[EventDate "2025.12.29"]

1. d4 Nf6 2. Nf3 b6 3. c4 Bb7 4. Nc3 g6 5. Qc2 Bg7 6. e4 d6 7. Be2 O-O 8. O-O e5
9. dxe5 dxe5 10. Rd1 Qe7 11. Nd5 Nxd5 12. cxd5 Rc8 13. Bg5 Bf6 14. Be3 Nd7 15.
Bb5 c6 16. d6 Qf8 17. Bc4 b5 18. Bb3 c5 19. Bd5 Bxd5 20. Rxd5 Rc6 21. a4 Rxd6
22. Rxd6 Qxd6 23. axb5 Be7 24. h3 Nb6 25. Qc3 f6 26. Nd2 Qd7 27. Bxc5 Bxc5 28.
Qxc5 Qxd2 29. Qe7 Qd8 30. Qe6+ Kg7 31. h4 Qd7 32. Qb3 Rc8 33. Rd1 Qf7 34. Qa3
Rc7 35. h5 gxh5 36. Rd3 h4 37. Rh3 Qh5 38. Qd6 Rd7 39. Qe6 Qg5 40. g3 h5 41.
Rxh4 Qg6 42. Kg2 Rd4 43. b3 Nd7 44. Kg1 Qf7 45. Qf5 Qg6 46. Qe6 Nf8 47. Qe7+ Qf7
48. Qc5 Ne6 49. Qc8 Ng5 50. Kg2 Qxb3 51. Qc7+ Qf7 52. Qc5 Rxe4 53. Rh1 Rc4 54.
Qd6 Qb7+ 0-1

[Event "World Blitz 2025"]
[Site "Doha QAT"]
[Date "2025.12.29"]
[Round "3.7"]
[White "Yakubboev, Nodirbek"]
[Black "Niemann, Hans Moke"]
[Result "1/2-1/2"]
[WhiteTitle "GM"]
[BlackTitle "GM"]
[WhiteElo "2691"]
[BlackElo "2725"]
[WhiteFideId "14203987"]
[BlackFideId "2093596"]
[EventDate "2025.12.29"]

1. d4 d5 2. c4 c6 3. Nf3 Nf6 4. Nc3 e6 5. Bg5 h6 6. Bxf6 Qxf6 7. e3 g6 8. Qd2
Nd7 9. e4 dxc4 10. e5 Qd8 11. Bxc4 Bg7 12. Ne4 O-O 13. Rc1 c5 14. Nxc5 Nxc5 15.
dxc5 Qxd2+ 16. Kxd2 Bd7 17. Rhd1 Rfc8 18. Ke3 Bc6 19. Bd3 Bxf3 20. Kxf3 Bxe5 21.
b4 Rc7 22. Be4 Rac8 23. Ke2 a5 24. a3 b6 25. c6 Bb2 26. bxa5 bxa5 27. Rc5 Bxa3
28. Rxa5 Be7 29. Rd7 Rxd7 30. cxd7 Rd8 31. Ra8 1/2-1/2

[Event "World Blitz 2025"]
[Site "Doha QAT"]
[Date "2025.12.29"]
[Round "3.8"]
[White "Ponkratov, Pavel"]
[Black "Bu, Xiangzhi"]
[Result "1/2-1/2"]
[WhiteTitle "GM"]
[BlackTitle "GM"]
[WhiteElo "2587"]
[BlackElo "2665"]
[WhiteFideId "4157800"]
[BlackFideId "8601445"]
[EventDate "2025.12.29"]

1. Nf3 Nf6 2. g3 d5 3. Bg2 g6 4. b3 Bg7 5. Bb2 O-O 6. c4 c6 7. O-O Re8 8. d3 a5
9. a3 Bg4 10. Nbd2 Nbd7 11. Qc2 e5 12. h3 Bxf3 13. Nxf3 d4 14. b4 axb4 15. axb4
Qb6 16. Rab1 Bf8 17. Bc1 Qa7 18. b5 Qa4 19. Qxa4 Rxa4 20. bxc6 bxc6 21. Ng5 Rc8
22. f4 Nh5 23. fxe5 Nxg3 24. Rf2 Ra2 25. Kh2 Nxe2 26. Rxf7 Nxe5 27. Rxh7 Nxc1
28. Rxc1 Rb8 29. Kg1 Bg7 30. Rf1 Ra5 31. Rh4 Nxd3 32. Ne6 Ne5 33. Nxd4 g5 34.
Re4 Rb4 35. Nf5 Rxc4 36. Rxc4 Nxc4 37. Bxc6 Ne5 38. Be4 Bf8 39. Rd1 Kf7 40. Kg2
Ra2+ 41. Kg3 Ra3+ 42. Kg2 Ra2+ 43. Kg3 Ra3+ 44. Kg2 Ng6 45. Nd6+ Bxd6 46. Bxg6+ 1/2-1/2

[Event "World Blitz 2025"]
[Site "Doha QAT"]
[Date "2025.12.29"]
[Round "3.9"]
[White "Martirosyan, Haik M."]
[Black "Salinas Herrera, Pablo"]
[Result "0-1"]
[WhiteTitle "GM"]
[BlackTitle "GM"]
[WhiteElo "2625"]
[BlackElo "2473"]
[WhiteFideId "13306553"]
[BlackFideId "3407128"]
[EventDate "2025.12.29"]

1. d4 d5 2. c4 e6 3. Nf3 Nf6 4. Nc3 c6 5. Bg5 Nbd7 6. cxd5 exd5 7. Qc2 h6 8. Bh4
Be7 9. e3 Nh5 10. Bxe7 Qxe7 11. O-O-O Nhf6 12. Bd3 Nb6 13. Kb1 Bg4 14. Rc1 Bxf3
15. gxf3 O-O-O 16. f4 Kb8 17. Ne2 Nc8 18. Ng1 Nd6 19. Nf3 Nfe4 20. Ne5 Ka8 21.
Rhg1 g5 22. f3 Nf6 23. fxg5 hxg5 24. Rxg5 Nd7 25. f4 Nf6 26. Rg7 Qf8 27. Rg2 Rc8
28. Ka1 Nfe4 29. a3 Rh3 30. Re2 f6 31. Nd7 Qe7 32. Nc5 Re8 33. Rg1 Nxc5 34. dxc5
Ne4 35. Bxe4 dxe4 36. Rg3 Rh5 37. Rd2 Rxc5 38. Qd1 a6 39. Rd7 Qe6 40. Rgg7 Rb5
41. h4 Qc4 42. h5 Rh8 43. Rd4 Qe6 44. a4 Rd5 45. Qb3 Rb8 46. h6 Qh3 47. Rxd5
cxd5 48. h7 d4 49. Ka2 dxe3 50. Re7 f5 51. Rg7 Qh6 52. Rd7 e2 53. Qg8 e1=Q 54.
Rd8 Rxd8 55. Qxd8+ Ka7 56. Qd4+ Qb6 57. h8=Q Qb4 58. Qxb6+ Qxb6 59. Qe5 Qc6 60.
a5 Qa4+ 61. Kb1 Qd1+ 62. Ka2 Qd7 63. Qc5+ Kb8 64. Qf8+ Qc8 65. Qf7 Ka8 66. Qe7
Qc4+ 67. Kb1 Qd3+ 68. Kc1 Qf1+ 69. Kc2 Qc4+ 70. Kb1 Qd3+ 71. Kc1 Qf1+ 72. Kc2
Qxf4 73. Qf8+ Qb8 74. Qxf5 Qe8 75. Kd2 Qd8+ 76. Ke1 Qd4 77. Qf8+ Ka7 78. Qf2 e3
79. Qc2 Qh4+ 80. Ke2 Qf2+ 81. Kd3 Qf5+ 82. Kc3 Qxa5+ 83. Kb3 Qb5+ 84. Ka3 e2 85.
Qc3 Qb6 86. Qe1 Qd6+ 87. Ka2 Qd5+ 88. Ka3 Qd3+ 89. b3 Qe3 90. Ka2 b6 91. Ka3 a5
92. Ka2 Ka6 93. Ka3 Qc5+ 94. Kb2 Qd4+ 95. Ka3 Qb4+ 96. Qxb4 axb4+ 97. Ka4 b5+ 0-1

[Event "World Blitz 2025"]
[Site "Doha QAT"]
[Date "2025.12.29"]
[Round "3.10"]
[White "Grischuk, Alexander"]
[Black "Makhnev, Denis"]
[Result "0-1"]
[WhiteTitle "GM"]
[BlackTitle "GM"]
[WhiteElo "2654"]
[BlackElo "2532"]
[WhiteFideId "4126025"]
[BlackFideId "13707647"]
[EventDate "2025.12.29"]

1. e4 e5 2. Nf3 Nc6 3. Bb5 a6 4. Ba4 Nf6 5. O-O d6 6. Bxc6+ bxc6 7. Re1 c5 8. c3
Be7 9. d4 cxd4 10. cxd4 exd4 11. Nxd4 Bd7 12. Nc3 O-O 13. Bf4 Re8 14. h3 h6 15.
Qc2 c5 16. Nf3 Bc6 17. Rad1 Qc7 18. Nd2 Bf8 19. Nc4 Re6 20. f3 Rd8 21. Re2 Nh5
22. Bh2 Qe7 23. Red2 Qg5 24. Nxd6 Nf4 25. Bxf4 Qxf4 26. Nf5 Rxd2 27. Qxd2 Qb8
28. Nd5 h5 29. b3 g6 30. Qg5 Bxd5 31. Rxd5 Re8 32. Ne3 Qb4 33. Nc4 Qe1+ 34. Kh2
h4 35. Qd2 Qg3+ 36. Kg1 Bh6 37. Qf2 Qf4 38. Rd1 Rc8 39. Kf1 Bg7 40. Qe3 Qh2 41.
Qg1 Qf4 42. Qe3 Qh2 43. e5 Re8 44. f4 Bh6 45. Re1 Bxf4 46. Qg1 Qg3 47. Re2 Qd3
48. Qf2 Bg3 49. Nb2 Qb1+ 50. Re1 Qxe1+ 0-1

[Event "World Blitz 2025"]
[Site "Doha QAT"]
[Date "2025.12.29"]
[Round "3.11"]
[White "Lu, Shanglei"]
[Black "Yilmaz, Mustafa"]
[Result "1-0"]
[WhiteTitle "GM"]
[BlackTitle "GM"]
[WhiteElo "2643"]
[BlackElo "2595"]
[WhiteFideId "8603332"]
[BlackFideId "6302718"]
[EventDate "2025.12.29"]

1. e4 c5 2. Nf3 d6 3. d4 cxd4 4. Nxd4 Nf6 5. f3 e5 6. Nb3 Be7 7. c4 a5 8. Be3
Nc6 9. Nc3 O-O 10. Be2 a4 11. Nd2 Nh5 12. Nd5 Bg5 13. Bb6 Qd7 14. O-O Nd4 15.
Bxd4 exd4 16. f4 Nxf4 17. Nxf4 Qd8 18. Nd5 Re8 19. Bd3 Be6 20. Nf3 Bh6 21. Kh1
Bxd5 22. exd5 Qb6 23. Nxd4 g6 24. Nb5 Re3 25. Bc2 a3 26. bxa3 Bg7 27. Rb1 Qc5
28. Rb3 Re7 29. Rbf3 Rae8 30. Bd3 Be5 31. Qd2 f5 32. Qb4 b6 33. Qxc5 bxc5 34.
Re3 Kg7 35. a4 Ra8 36. Bc2 Kf6 37. Rfe1 Ra6 38. g3 Rd7 39. Kg2 h5 40. h3 Rh7 41.
Rf3 Kg5 42. Ref1 Ra8 43. h4+ Kh6 44. Na3 Re7 45. Re3 Rf7 46. Nb1 Rg8 47. Nd2 f4
48. gxf4 Bxf4 49. Re6 Rgg7 50. Ne4 Be5 51. Rxf7 1-0

[Event "World Blitz 2025"]
[Site "Doha QAT"]
[Date "2025.12.29"]
[Round "3.12"]
[White "Nesterov, Arseniy"]
[Black "Van Foreest, Jorden"]
[Result "0-1"]
[WhiteTitle "GM"]
[BlackTitle "GM"]
[WhiteElo "2595"]
[BlackElo "2692"]
[WhiteFideId "24198455"]
[BlackFideId "1039784"]
[EventDate "2025.12.29"]

1. d4 d6 2. e4 Nf6 3. Nc3 e5 4. Nf3 Nbd7 5. Bc4 Be7 6. O-O O-O 7. a4 c6 8. Qe2
exd4 9. Nxd4 Re8 10. h3 Bf8 11. Ba2 d5 12. f3 Qb6 13. Qf2 Ne5 14. Be3 c5 15.
Nxd5 Nxd5 16. Bxd5 cxd4 17. Bxd4 Qc7 18. Kh1 Be6 19. c4 Rac8 20. b3 Bc5 21. Bxc5
Nd3 22. Qd2 Nxc5 23. Rab1 a5 24. b4 axb4 25. Qxb4 Ra8 26. Qb5 Bd7 27. Qb6 Qxb6
28. Rxb6 Rxa4 29. Bxb7 Nxb7 30. Rxb7 Be6 31. c5 Rc4 32. Rc7 g6 33. Kh2 Rd8 34.
Rf2 Kg7 35. Kg3 Rd3 36. Kh2 g5 37. Rb2 h5 38. Rf2 h4 39. f4 Rd1 40. fxg5 Rcc1
41. g4 Rh1+ 42. Kg2 Rcg1+ 43. Kf3 Rxh3+ 44. Kf4 Rxg4+ 45. Ke5 Rxg5+ 46. Kd6 Rd3+
47. Ke7 h3 48. Ra7 Rg2 49. Rf1 h2 50. Raa1 Rd7+ 51. Ke8 Rb2 52. Rab1 Rxb1 53.
Rxb1 Rc7 54. Rh1 Kf6 55. Rf1+ Ke5 56. Rh1 Rxc5 0-1

[Event "World Blitz 2025"]
[Site "Doha QAT"]
[Date "2025.12.29"]
[Round "3.13"]
[White "Alexakis, Dimitris"]
[Black "Salem, A.R. Saleh"]
[Result "0-1"]
[WhiteTitle "GM"]
[BlackTitle "GM"]
[WhiteElo "2544"]
[BlackElo "2635"]
[WhiteFideId "4277023"]
[BlackFideId "9301348"]
[EventDate "2025.12.29"]

1. e4 c5 2. Nf3 d6 3. d4 cxd4 4. Nxd4 Nf6 5. f3 e6 6. c4 Be7 7. Nc3 O-O 8. Be3
b6 9. Be2 Bb7 10. O-O a6 11. Qe1 Nbd7 12. Qf2 Rc8 13. Rac1 Qc7 14. Rfd1 Rfe8 15.
g4 Ne5 16. g5 Nfd7 17. b3 Qb8 18. h4 Bf8 19. h5 g6 20. hxg6 hxg6 21. f4 Nc6 22.
Nf3 Bg7 23. Nh2 f5 24. e5 Ndxe5 25. fxe5 dxe5 26. Na4 Nd4 27. Nxb6 Rcd8 28. c5
Qc7 29. Bf1 Kf7 30. Bg2 Bxg2 31. Qxg2 e4 32. b4 Rh8 33. Nc4 Qxh2+ 34. Qxh2 Nf3+
35. Kf1 Nxh2+ 36. Kg2 Nf3 37. Rxd8 Rxd8 38. c6 Be5 0-1